Abandoned, lost or otherwise discarded fishing gear / (Registro nro. 17680)

Detalles MARC
000 -CABECERA
Campo de control 01791cam a2200373 a 4500
005 - FECHA Y HORA DE LA ULTIMA TRANSACCION
Campo de control 20180803170145.0
008 - ELEMENTOS DE LONGITUD FIJA—INFORMACION GENERAL
Campo de control 100825s2009 it ab b i000 0 eng
020 ## - ISBN
ISBN 9789251061961 (pbk.)
020 ## - ISBN
ISBN 9251061963 (pbk.)
040 ## - FUENTE DE CATALOGACIÓN
Agencia catalogadora original AU@
Agencia transcriptora AU@
Agencia Modificadora UMC
-- BTCTA
-- WAU
-- AGL
-- VPI
-- DLC
-- CO-BoIAVH
041 0# - IDIOMA
Código de idioma para texto/pista de sonido o título separado Inglés
044 ## - PAÍS DE PUBLICACIÓN
País de publicación Italia
082 #4 - NUMERO DE CLASIFICACION DECIMAL DEWEY
Número de clasificación 333.956
Número del ítem M16a
100 1# - ASIENTO PRINCIPAL--NOMBRE PERSONAL
Nombre personal Macfadyen, G.
9 (RLIN) 36987
245 10 - MENCION DE TITULO
Título Abandoned, lost or otherwise discarded fishing gear /
Mención de responsabilidad by Graeme Macfadyen, Tim Huntington and Rod Cappell.
260 ## - PUBLICACION, DISTRIBUCION, ETC. (PIE DE IMPRENTA)
Lugar de publicación, distribución, etc. Rome :
Nombre del editor, distribuidor, etc. United Nations Environment Programme :
-- Food and Agriculture Organization of the United Nations,
Fecha de publicación, distribución, etc. 2009.
300 ## - DESCRIPCION FISICA
Extensión xix, 115 p. :
Otros detalles físicos ilustraciones, color, mapas ;
Dimensiones 30 cm.
490 1# - MENCION DE SERIE
Mención de serie FAO fisheries and aquaculture technical paper,
Número International Normalizado para Libros 2070-7010 ;
Designación numérica/secuencial del volumen 523
490 1# - MENCION DE SERIE
Mención de serie UNEP regional seas reports and studies ;
Designación numérica/secuencial del volumen 185
504 ## - NOTA DE BIBLIOGRAFIA, ETC.
Nota de bibliografía Incluye referencias bibliográficas (Págs. 89-100).
650 #0 - ASIENTO SECUNDARIO DE MATERIA - TERMINO TEMATICO
Término temático o nombre geográfico como elemento de entrada Desechos Marinos
Subdivisión general Aspectos ambientales.
9 (RLIN) 37008
650 #0 - ASIENTO SECUNDARIO DE MATERIA - TERMINO TEMATICO
Término temático o nombre geográfico como elemento de entrada Desechos Marinos
Subdivisión general Limpieza.
9 (RLIN) 37009
650 #0 - ASIENTO SECUNDARIO DE MATERIA - TERMINO TEMATICO
Término temático o nombre geográfico como elemento de entrada Desechos Marinos
Subdivisión general Prevención.
9 (RLIN) 37010
650 #0 - ASIENTO SECUNDARIO DE MATERIA - TERMINO TEMATICO
Término temático o nombre geográfico como elemento de entrada Pesca
Subdivisión general Equipo y suministros.
9 (RLIN) 37011
700 1# - ASIENTO SECUNDARIO - NOMBRE PERSONAL
Nombre personal Huntington, Tim,
Fechas asociadas con el nombre 1962-
9 (RLIN) 37012
700 1# - ASIENTO SECUNDARIO - NOMBRE PERSONAL
Nombre personal Cappell, Rod.
9 (RLIN) 36993
710 2# - ASIENTO SECUNDARIO - NOMBRE CORPORATIVO
Nombre corporativo o de jurisdicción como elemento de entrada Food and Agriculture Organization of the United Nations.
9 (RLIN) 3045
710 2# - ASIENTO SECUNDARIO - NOMBRE CORPORATIVO
Nombre corporativo o de jurisdicción como elemento de entrada United Nations Environment Programme.
9 (RLIN) 8871
776 08 - ADDITIONAL PHYSICAL FORM ENTRY
Display text Online version:
Main entry heading Macfadyen, G. (Graeme)
Title Abandoned, lost or otherwise discarded fishing gear.
Place, publisher, and date of publication Rome : United Nations Environment Programme : Food and Agriculture Organization of the United Nations, 2009
Record control number (OCoLC)626605755
830 #0 - ASIENTO SECUNDARIO DE SERIE--TITULO UNIFORME
Volume number/sequential designation 523.
830 #0 - ASIENTO SECUNDARIO DE SERIE--TITULO UNIFORME
Name of part/section of a work UNEP regional seas reports and studies ;
Volume number/sequential designation no. 185.
856 10 - LOCALIZACION Y ACCESO ELECTRONICOS
Identificador Uniforme del Recurso ftp://ftp.fao.org/docrep/fao/011/i0620e/i0620e.pdf
942 ## - ELEMENTOS ADICIONALES (KOHA)
Sistema de clasificación Dewey Decimal Classification
Tipo de ítem Libro
Existencias
Withdrawn status Lost status Sistema de Clasificación Damaged status No para préstamo Colección Inventariado Ubicación Permanente Ubicación actual Fecha de adquisición Fuente de Valor Valor Total Checkouts Número topográfico Inventario / Código de Barras Date last seen Ejemplar Price effective from Forma de adquisición Tipo de material
    Dewey Decimal Classification     General Inventariado 2017 Bogotá Bogotá 14/08/2015 Instituto 39000.00   LB-333.956 M16a 035160 14/08/2015 Ej. 1 14/08/2015   Libro